000 01345nam0a22002771 4500
001 rc\4009919
005 20260406191854.0
021 _aRU
_b[46-6115]
035 _a(NLR Aleph) 008078882
090 _a9110639
_c9110639
100 _a20130415d1946 |||y0rusy50 ca
101 0 _arus
102 _aRU
105 _ac z |||||
200 1 _aОбязательства тренерско-преподавательского состава Ленинградского "Динамо" по социалистическому соревнованию на 1946 год
210 _a[Ленинград]
_cЛенингр. обл. совет ордена Ленина спорт. о-ва "Динамо"
_d[1946]
_g2-я ф-ка дет. книги Детгиза
215 _a59 с.
_cпортр.
_d20
300 _aНа обл. загл.: Динамовцы обязались
512 0 _aДинамовцы обязались
606 _aСпортивные общества
_xСоциалистическое соревнование
_yЛенинград
_2psbo
710 0 2 _a"Динамо", всесоюзное спортивное о-во
_bЛенинградский обл. совет
_9404345
_3RU\NLR\AUTH\889954188
801 0 _aRU
_bNLR
_gpsbo
801 1 _aRU
_bELAR
_2rusmarc
852 _aNLR
_jФк02 Г-4/99
942 _cBOOK
980 _aNB